00497nam a22001697a 450000500170000001000150001702000260003203500130005803700130007108200150008410000230009924500730012226000320019527000550022730000250028250000200030720140416110841.0 aENG-109347 a9788172736408c725.00 aEN-92880 bDBAD/PUB a823.009954 aAnita Balakrishnan aTransforming spirit of Indian women writers /cby Anita Balakrishnan a DelhibAuthorspress c2012 aE-35/103, Jawahar Park Laxmi Nagarb Delhie110092 axii,276p. c22cm(Hb) aIncludes index